Hospitality & Catering (Record no. 854214)

MARC details
000 -LEADER
fixed length control field 00354nam a2200133Ia 4500
008 - FIXED-LENGTH DATA ELEMENTS--GENERAL INFORMATION
fixed length control field 230818s1997 xx 000 0 und d
041 ## - LANGUAGE CODE
Language code of text/sound track or separate title eng
100 ## - MAIN ENTRY--PERSONAL NAME
Personal name Jones / Newton
245 ## - TITLE STATEMENT
Title Hospitality & Catering
260 ## - PUBLICATION, DISTRIBUTION, ETC.
Name of publisher, distributor, etc. Cassell – Wellington House pub.
Date of publication, distribution, etc. 1997
300 ## - PHYSICAL DESCRIPTION
Extent 357p
520 ## - SUMMARY, ETC.
Summary, etc. Hard Board | Reference Copy
650 ## - SUBJECT ADDED ENTRY--TOPICAL TERM
Topical term or geographic name entry element Food Safety
Holdings
Withdrawn status Lost status Damaged status Not for loan Home library Current library Date acquired Source of acquisition Cost, normal purchase price Total Checkouts Barcode Date last seen Cost, replacement price Price effective from Koha item type
        College of Hotel & Tourism Management Studies, Navi Mumbai College of Hotel & Tourism Management Studies, Navi Mumbai 18/08/2023 Shri Ganesh book 895.00   HMM-B662 18/08/2023 895.00 18/08/2023 Book